التشريعات الإلكترونية الدولية والعربية : (Record no. 22379)
[ view plain ]
| 000 -الفاتح | |
|---|---|
| حقل البيانات ثابتة الطول | 01535nam a22002895a 4500 |
| 003 - محدد رقم الضبط | |
| رقم الضبط | OSt |
| 005 - وقت وتاريخ اخر تعامل مع التسجيلة | |
| رقم الضبط | 20160922154203.0 |
| 008 - عناصر البيانات ثابتة الطول - معلومات عامة | |
| حقل البيانات ثابتة الطول | 160922s2010 ua frb 000 0 ara d |
| 015 ## - | |
| -- | 2009/14384 |
| 020 ## - الرقم الدولى المعيارى للكتب | |
| الرقم الدولى المعيارى للكتاب | 9774380486 |
| 040 ## - مصدر الفهرسة | |
| وكالة الفهرسة الأصلية | EG-ScBUE |
| لغة الفهرسة | ara |
| وكالة النسخ | EG-ScBUE |
| 082 04 - رقم تصنيف ديوى العشرى | |
| رقم التصنيف | 345.0268 |
| رقم المادة | م ط ر |
| رقم الطبعة | 22 |
| 100 1# - المدخل الرئيسى - إسم شخصى | |
| الإسم الشخصى | مطر، عصام عبد الفتاح. |
| 9 (RLIN) | 41163 |
| 245 14 - بيان العنوان | |
| العنوان | التشريعات الإلكترونية الدولية والعربية : |
| بقية العنوان | جرائم الكمبيوتر والإنترنت - أمن المعلومات - الملكية الفكرية الرقمية - حماية المستهلك : دراسة تفصيلية / |
| بيان المسئوليه,etc | عصام عبد الفتاح مطر. |
| 260 ## - PUBLICATION, DISTRIBUTION, ETC. (IMPRINT) | |
| مكان الناشر او الموزع | الإسكندرية : |
| اسم الناشر او الموزع | المكتب الجامعي الحديث، |
| تاريخ النشر أو التوزيع | 2010. |
| 300 ## - الوصف المادى | |
| التعداد | 875 ص. ؛ |
| أبعاد الوعاء | 24 سم. |
| 504 ## - تبصرة ببليوجرافية | |
| تبصرة ببليوجرافية,الخ | يشتمل على إرجاعات ببليوجرافية. |
| 650 #7 - المدخل الاضافى بالموضوع-مصطلح موضوعى | |
| مصطلح موضوعي أو اسم جغرافي كعنصر مدخل | جرائم الحاسبات الإلكترونية |
| التقسيم الفرعي العام | قوانين وتشريعات |
| مصدر الرأس أو المصطلح | BUEsh |
| 9 (RLIN) | 41164 |
| 650 #7 - المدخل الاضافى بالموضوع-مصطلح موضوعى | |
| مصطلح موضوعي أو اسم جغرافي كعنصر مدخل | أمن الحاسبات الإلكترونية |
| التقسيم الفرعي العام | قوانين وتشريعات |
| مصدر الرأس أو المصطلح | BUEsh |
| 9 (RLIN) | 41166 |
| 650 #7 - المدخل الاضافى بالموضوع-مصطلح موضوعى | |
| مصطلح موضوعي أو اسم جغرافي كعنصر مدخل | حماية المستهلك |
| التقسيم الفرعي العام | قوانين و تشريعات |
| مصدر الرأس أو المصطلح | BUEsh |
| 9 (RLIN) | 41167 |
| 650 #7 - المدخل الاضافى بالموضوع-مصطلح موضوعى | |
| مصطلح موضوعي أو اسم جغرافي كعنصر مدخل | الحاسبات الالكترونية |
| مصدر الرأس أو المصطلح | BUEsh |
| 9 (RLIN) | 15372 |
| 650 #7 - المدخل الاضافى بالموضوع-مصطلح موضوعى | |
| مصطلح موضوعي أو اسم جغرافي كعنصر مدخل | الإنترنت |
| التقسيم الفرعي العام | قوانين وتشريعات |
| مصدر الرأس أو المصطلح | BUEsh |
| 9 (RLIN) | 41165 |
| 650 #7 - المدخل الاضافى بالموضوع-مصطلح موضوعى | |
| مصطلح موضوعي أو اسم جغرافي كعنصر مدخل | حقوق التأليف والنشر |
| التقسيم الفرعي العام | النسخ الإلكتروني |
| -- | قوانين وتشريعات |
| مصدر الرأس أو المصطلح | BUEsh |
| 9 (RLIN) | 41168 |
| 651 ## - المدخل الاضافى بالموضوع - اسم جغرافى | |
| مصدر الرأس أو المصطلح | BUEsh |
| 653 ## - مصطلح تكشيفى غير مقيد | |
| Resource For college | Law |
| Arrived date list | September2016 |
| 942 ## - عناصر المدخل الإضافي( كوها) | |
| مصدر التصنيف او مخطط الترفيف | Dewey Decimal Classification |
| حالة التراجع | حالة الفقد | مصدر التصنيف او خطة الترفيف | حالة تلف | ليس للاعارة | مجموعات كوها | المكان الدائم | المكان الحالي | موقع الترفيف | تاريخ الاكتساب | Source of acquisition | سعر الشراء الطبيعي | تعداد مسلسل / التسلسل الزمني | رقم الاستدعاء | الباركود | Date last seen | مُعار | التكلفة | نوع الوعاء |
|---|---|---|---|---|---|---|---|---|---|---|---|---|---|---|---|---|---|---|
| Dewey Decimal Classification | دار الفكر العربي | Central Library | Central Library | First floor | 22/09/2016 | Purchase | 100.00 | 15886 | 345.0268 م ط ر | 000033639 | 15/07/2025 | 04/12/2023 | 125.00 | Book - Borrowing |